| 000 | 00714cam a22002415a 4500 | ||
|---|---|---|---|
| 001 | 13356963 | ||
| 005 | 20160720123818.0 | ||
| 008 | 030929s2004 enk frb 001 0 eng d | ||
| 020 | _a0415329337 | ||
| 020 | _a9780415329330 | ||
| 040 |
_aDLC _cDLC _dDLC _dEG-ScBUE _beng |
||
| 082 | 0 | 4 |
_222 _a320.1 _bPIE |
| 100 | 1 |
_aPierson, Christopher‏. _940359 |
|
| 245 | 1 | 4 |
_aThe modern state / _cChristopher Pierson. |
| 250 | _a2nd ed. | ||
| 260 |
_aOxon ; _aNew York : _bRoutledge / Taylor & Francis Group, _c2004. |
||
| 300 |
_aix, 195 p. ; _c25 cm. |
||
| 500 | _aIndex : p. [193]-195. | ||
| 504 | _aBibliography : p. [183]-192. | ||
| 650 | 7 |
_aState, The. _2BUEsh _911813 |
|
| 653 |
_bLLAAWW _cJuly2016 |
||
| 942 | _2ddc | ||
| 999 |
_c21982 _d21954 |
||